| 000 | 00806nam a2200217 a 4500 | ||
|---|---|---|---|
| 001 | 000026513 | ||
| 005 | 20250530151635.0 | ||
| 008 | 110322s1996 dr ad r 000 0 spa d | ||
| 040 |
_aDO-SdBNP _bspa _cBNPHU |
||
| 082 |
_a791.45 _bC146h |
||
| 100 | 1 |
_aCalderón, Nápoles _953594 |
|
| 245 | 1 | 0 |
_aHagamos televisión práctica y sencilla / _cNápoles Calderón. |
| 260 |
_aSanto Domingo : _bPríncipe Castillo, _c1996. |
||
| 300 |
_aXXXI, 272 p. : _bil., tablas ; _c21 cm. |
||
| 500 | _aIncluye glosario y/o terminología: p. I-XXXI. | ||
| 590 | _aInventariado, 2018/BT | ||
| 650 | 0 |
_aTelevisión _zRepública Dominicana _953595 |
|
| 650 | 4 |
_aIndustrias de los medios de comunicación de masas _934168 |
|
| 650 | 4 |
_aTeledifusión _zRepública Dominicana _953596 |
|
| 910 | _aValidado. Control de calidad. EMS | ||
| 999 |
_c26005 _d26005 |
||